Kluby wielkopolskie, Ekstraklasa, I, II, III liga - Statystyki

Ogólne statystyki
  • Ten quiz został rozwiązany 28 razy
  • Średni wynik to 6 z 11
Statystyki odpowiedzi
Liga Klub % Poprawnych
Ekstraklasa Lech Poznań
100%
II liga Warta Poznań
96%
II liga KKS Kalisz
73%
II liga Sokół Kleczew
65%
III liga Lech Poznań II
50%
III liga Polonia Środa Wielkopolska
42%
III liga Unia Swarzędz
35%
III liga Victoria Września
35%
III liga Lipno Stęszew
27%
III liga Pogoń Nowe Skalmierzyce
27%
III liga Noteć Czarnków
23%
Nie znaleziono quizów pasujących do podanych kryteriów
Rozkład punktacji
Procent ludzi z każdym wynikiem
Percentyl według liczby udzielonych odpowiedzi
Twoja historia wyników
Nie rozwiązałeś tego quizu